Survey of Indian agro-bio-economic and allied literature 1947-1975: A bibliography. V 1. Classified part (Record no. 36614)

MARC details
000 -LEADER
fixed length control field 00358nam a2200109Ia 4500
082 ## - DEWEY DECIMAL CLASSIFICATION NUMBER
Classification number 338.43.01:016(540)
Item number JAI.1
100 ## - MAIN ENTRY--AUTHOR NAME
Personal name JAIN, T C
245 #0 - TITLE STATEMENT
Title Survey of Indian agro-bio-economic and allied literature 1947-1975: A bibliography. V 1. Classified part
260 ## - PUBLICATION, DISTRIBUTION, ETC. (IMPRINT)
Place of publication New Delhi
Name of publisher Agricole
Year of publication 1978
942 ## - ADDED ENTRY ELEMENTS (KOHA)
Koha item type Books
Holdings
Withdrawn status Lost status Damaged status Not for loan Home library Current library Date acquired Full call number Accession Number Koha item type
        RRII Library RRII Library 16/12/2021 338.43.01:016(540) JAI.1 17017 Books